House prices sustained by falling supply of property (Record no. 117104)
[ view plain ]
| 000 -LEADER | |
|---|---|
| fixed length control field | 01314cam a2200217 4500 |
| 001 - CONTROL NUMBER | |
| control field | WB4011-15 |
| 008 - FIXED-LENGTH DATA ELEMENTS--GENERAL INFORMATION | |
| fixed length control field | 040316n2004 000 0 eng u |
| 035 ## - SYSTEM CONTROL NUMBER | |
| System control number | (Sirsi) u125425 |
| 245 ## - TITLE STATEMENT | |
| Title | House prices sustained by falling supply of property |
| 260 ## - PUBLICATION, DISTRIBUTION, ETC. | |
| Date of publication, distribution, etc. | 2004 |
| 490 ## - SERIES STATEMENT | |
| Series statement | RICS News Service |
| Volume/sequential designation | (pr025) 15 March 2004 |
| 520 ## - SUMMARY, ETC. | |
| Summary, etc. | The latest "RICS housing market survey England and Wales" for the three months to February 2004 shows house prices continuing to rise across the UK, particularly in Wales and northern England. Surveyors remain confident that prices will continue to rise over the next three months. Stocks of unsold property on surveyors' books are now close to the survey's all time low in June 2002. The ratio of completed sales to unsold stock, at 55% for February, is at its highest level since December 2002. The survey is available at http://www.rics.org/ricscms/bin/show?class=MarketS urvey&template=/includes/showmarketsurvey.html&id= 83&faculty=RICS. http://www.rics.org/ricscms/bin/show?class=PressRe lease&template=/includes/showpr.html&id=1142&facul ty=RICS |
| 590 ## - LOCAL NOTE (RLIN) | |
| Local note | WB |
| 590 ## - LOCAL NOTE (RLIN) | |
| Local note | WB |
| 650 ## - SUBJECT ADDED ENTRY--TOPICAL TERM | |
| Topical term or geographic name entry element | RICS SURVEYS |
| 650 ## - SUBJECT ADDED ENTRY--TOPICAL TERM | |
| Topical term or geographic name entry element | RICS HOUSING MARKET SURVEY ENGLAND AND WALES |
| 650 ## - SUBJECT ADDED ENTRY--TOPICAL TERM | |
| Topical term or geographic name entry element | HOUSE PRICES |
| 650 ## - SUBJECT ADDED ENTRY--TOPICAL TERM | |
| Topical term or geographic name entry element | Sales |
| 9 (RLIN) | 6269 |
| 690 ## - LOCAL SUBJECT ADDED ENTRY--TOPICAL TERM (OCLC, RLIN) | |
| Topical term or geographic name as entry element | HOUSING-MARKET |
| 942 ## - ADDED ENTRY ELEMENTS (KOHA) | |
| Suppress in OPAC | 0 |
| Withdrawn status | Lost status | Source of classification or shelving scheme | Damaged status | Not for loan | Home library | Current library | Shelving location | Date acquired | Total Checkouts | Full call number | Barcode | Date last seen | Copy number | Price effective from | Koha item type |
|---|---|---|---|---|---|---|---|---|---|---|---|---|---|---|---|
| Dewey Decimal Classification | London | London | News article | 16/03/2004 | WB4011-15 | 125425-1001 | 06/08/2019 | 1 | 06/08/2019 | News article |